000 00655nam a2200205 a 4500
005 20140412111354.0
008 051104s19uu xx 00 eng d
020 _a0-02-830902-2
050 _aTR(GS 372.4
_bA1 2000
100 _aAdams, Marilyn Jager
245 _aSRA Open Court Reading (red), L.K-B.B /
_cMarilyn Jager Adams, et al.
250 _aTeacher's Edition
260 _aColumbus, Ohio :
_bSRA McGraw-Hill Comp,
_c2000.
300 _axii p. ; T355 p.
440 _aSRA Open Court Reading, Red
500 _aContents: Shadows
650 _aReading
_xStudy and teaching
650 _aEnglish language
_xStudy and teaching
999 _c105382
_d105382